| 000 | 00991nam a2200265 a 4500 | ||
|---|---|---|---|
| 001 | 000023353 | ||
| 005 | 20260225120647.0 | ||
| 008 | 101202s1991 mx 001 | spa d | ||
| 020 | _a9686599126 | ||
| 040 |
_aDO-SdBNP _bspa _cBNPHU |
||
| 041 | 1 | 7 |
_aspa _heng _2Código de idioma MARC |
| 082 |
_a320 _bM645c |
||
| 100 | 1 |
_aMill, John Stuart, _d1806-1873 _945023 |
|
| 240 | 1 | 0 |
_aConsiderations on Representative Government. _lEspañol. |
| 245 | 1 | 0 |
_aConsideraciones sobre el gobierno representativo / _cJohn Stuart Mill ; edición al cuidado María Elsa López Paniagua. |
| 260 |
_aMéxico : _bGernika, _c1991. |
||
| 300 |
_a408 p. ; _c17 cm. |
||
| 490 | 1 |
_aClásicos Ciencia Política _v3 |
|
| 534 |
_aTítulo original en inglés: _tConsiderations on Representative Government. |
||
| 650 | 0 |
_aCiencia política _95772 |
|
| 650 | 0 |
_aCondición social _931063 |
|
| 700 | 1 |
_aLópez Paniagua, María Elsa, _eed. _944716 |
|
| 830 | 0 |
_aClásicos Ciencia Política ; _v3 _948107 |
|
| 049 | _aBNGR | ||
| 999 |
_c22850 _d22850 |
||